000 01018nam a2200253Ia 4500
003 OSt
005 20220923221524.0
006 a|||||r|||| 00| 0
007 ta
008 220922b |||||||| |||| 00| 0 hin d
024 _a197,883
037 _cTextual
040 _aARTS
_cARTS
_bhin
041 _2hin
_ahin
082 _aO153,1L88,1, 152K8
100 _aसंतोष सिंह; गोयल, जयभगवान, संपा.
_9162086
245 0 _aगूुरू प्रताप सूरज (सक्ष्ंिाप्त)
246 _aGūurū pratāp sūraj (sakṣhaniāpta)
260 _aचण्डीगड़
_b पंजाब यूनिवर्सिटी पब्लि0 ब्यूरों
_c1968
300 _a272पृ.
_ccm.
650 _aहिन्दी साहित्य
_9156264
942 _hO153,1L88,1, 152K8
_cTEXL
_2CC
999 _c349754
_d349754